Beijing 95: los derechos humanos de las mujeres /

Guardado en:
書目詳細資料
主要作者: Facio, Alda
格式: Texto
主題:
標簽: 添加標簽
沒有標簽, 成為第一個標記此記錄!

MARC

LEADER 00000 a a2200000 04500
001 7458
003
040
100 |a Facio, Alda  
245 |a Beijing 95: los derechos humanos de las mujeres /  |c Alda Facio 
650 |a DERECHOS DE LA MUJER  
650 |a PARTICIPACION DE LA MUJER  
650 |a ORGANIZACIONES NO GUBERNAMENTALES  
650 |a DESARROLLO SUSTENTABLE  
650 |a ORGANIZACIONES DE MUJERES  
773 |g número 5; páginas 45-52  
999 |c 36658  |d 36658